000
00155nam a22000857a 4500
082
_a
823
100
_a
GEORGE
245
_a
STORIES OF TENALI RAMAN
942
_c
BK
999
_c
8259
_d
8259